USB mass storage: Designing and programming devices and embedded hosts
Uloženo v:
| Hlavní autor: | |
|---|---|
| Médium: | Kniha |
| Jazyk: | angličtina |
| Vydáno: |
Chicago
Lakeview Research
2006
|
| Témata: | |
| Tagy: |
Přidat tag
Žádné tagy, Buďte první, kdo vytvoří štítek k tomuto záznamu!
|
MARC
| LEADER | 00000nam a2200000 a 4500 | ||
|---|---|---|---|
| 001 | UCH9476 | ||
| 003 | CL-VaPUC | ||
| 008 | 100107e20060000us |||||||||||||||||eng|d | ||
| 020 | |a 9781931448048 | ||
| 082 | 0 | 4 | |a 004.522 |b AXE |2 21 |
| 100 | 0 | |a Axelson, Janet L |e author |9 546612 | |
| 245 | 1 | 0 | |a USB mass storage: Designing and programming devices and embedded hosts |
| 300 | |a 287 p | ||
| 942 | |c BK | ||
| 945 | |d 20100107 00:00:00 |a dcastane | ||
| 260 | |a Chicago |b Lakeview Research |c 2006 | ||
| 600 | 0 | 7 | |a USB UNIVERSAL SERIAL BUS |2 CL-VaPUC |9 546613 |
| 650 | 7 | |a DISPOSITIVOS DE ALMACENAMIENTO |2 CL-VaPUC |9 367650 | |
| 650 | 0 | |a Computadores |9 258188 | |
| 650 | 7 | |a TRANSFERENCIA DE DATOS |2 CL-VaPUC |9 546614 | |
| 583 | |a last modification |c 20171120 02:26:09 |k Rodrigo Vera | ||
| 999 | |c 339444 |d 339442 | ||
| 952 | |0 0 |1 0 |4 0 |6 004_522000000000000_AXE_2006 |7 0 |8 A |9 433101 |a BIBING |b BIBING |d 2019-11-22 |i 4632915 |o 004.522 AXE 2006 |p 4632915 |r 2024-01-25 |w 2019-11-22 |y BK |k EIE | ||